| 000 | 01126nam a2200241 i 4500 | ||
|---|---|---|---|
| 001 | bg | ||
| 111 | 2 |
_aOgólnopolska Konferencja Teorii Maszyn i Mechanizmów _n(13 ; _d1992 ; _cKoszalin-Mielno). |
|
| 245 | 0 |
_aMateriały XIII Ogólnopolskiej Konferencji Teorii Maszyn i Mechanizmów : _bKoszalin-Mielno 19-21 września 1992 r. / _cPolski Komitet Teorii Maszyn i Mechanizmów ; Wyższa Szkoła Inżynierska w Koszalinie, Sekcja Teorii Maszyn i Mechanizmów Stowarzyszenia Inżynierów i Mechaników Polskich ; [red. Jerzy Milanowski]. |
|
| 260 |
_aKoszalin : _bWydaw. WSI, _c1992. |
||
| 300 |
_a324 s. : _bfot., rys., wykr. ; _c24 cm. |
||
| 504 | _aBibliogr. przy ref. | ||
| 650 | 9 |
_aMaszyny _xteoria |
|
| 655 | _aMateriały konferencyjne | ||
| 700 | 1 |
_aMilanowski, Jerzy. _eRed. |
|
| 710 | _aPolski Komitet Teorii Maszyn i Mechanizmów | ||
| 710 | _aWyższa Szkoła Inżynierska (Koszalin) | ||
| 710 |
_aStowarzyszenie Inżynierów i Mechaników Polskich _bSekcja Teorii Maszyn i Mechanizmów |
||
| 040 | _cBPK | ||
| 041 | _apol | ||
| 080 | _a621.01(061.3) | ||
| 942 | _cKS | ||
| 008 | s pl f |000 0 pol | ||
| 999 |
_c29977 _d29977 |
||
| 856 |
_uhttp://koha.tu.koszalin.pl/cgi-bin/koha/opac-detail.pl?biblionumber=29977 _yKatalog online BPK |
||